[Event "DEM U12 2025"]
[Site "Willingen GER"]
[Date "2025.06.08"]
[Round "1"]
[White "Shneider, Illia"]
[Black "Wingerath, Felix"]
[Result "1-0"]
[Termination "normal"]
[Board "26"]
[WhiteElo "1799"]
[BlackElo "1767"]
[WhiteClock "01:10:59"]
[BlackClock "00:12:45"]
[PlyCount "99"]
[WhiteFideId "34166300"]
[BlackFideId "34614834"]
[EventCountry "GER"]
[EventRounds "9"]
[EventType "swiss"]
[EventDate "2025.06.07"]

1. e4 {[%clk 01:30:57]} {[%emt 00:00:01]} c5 {[%clk 01:30:51]} {[%emt
00:00:10]} 2. d3 {[%clk 01:31:21]} {[%emt 00:00:06]} d6 {[%clk 01:31:05]}
{[%emt 00:00:16]} 3. Nf3 {[%clk 01:31:38]} {[%emt 00:00:14]} Nc6 {[%clk
01:31:04]} {[%emt 00:00:31]} 4. g3 {[%clk 01:31:51]} {[%emt 00:00:16]} g6
{[%clk 01:31:00]} {[%emt 00:00:34]} 5. Bg2 {[%clk 01:32:14]} {[%emt 00:00:07]}
Bg7 {[%clk 01:31:06]} {[%emt 00:00:25]} 6. c3 {[%clk 01:32:37]} {[%emt
00:00:06]} Nf6 {[%clk 01:31:18]} {[%emt 00:00:18]} 7. O-O {[%clk 01:32:58]}
{[%emt 00:00:10]} O-O {[%clk 01:31:40]} {[%emt 00:00:08]} 8. Re1 {[%clk
01:33:20]} {[%emt 00:00:07]} Qb6 {[%clk 01:25:41]} {[%emt 00:06:30]} 9. Nbd2
{[%clk 01:31:44]} {[%emt 00:02:06]} d5 {[%clk 01:21:17]} {[%emt 00:04:53]} 10.
exd5 {[%clk 01:25:40]} {[%emt 00:06:34]} Nxd5 {[%clk 01:21:33]} {[%emt
00:00:14]} 11. Nc4 {[%clk 01:24:26]} {[%emt 00:01:45]} Qc7 {[%clk 01:16:21]}
{[%emt 00:05:42]} 12. Ng5 {[%clk 01:23:30]} {[%emt 00:01:25]} Qd8 {[%clk
01:16:25]} {[%emt 00:00:26]} 13. Bd2 {[%clk 01:19:43]} {[%emt 00:04:17]} Bf5
{[%clk 01:12:28]} {[%emt 00:04:28]} 14. Ne4 {[%clk 01:19:05]} {[%emt 00:01:07]}
Nf6 {[%clk 01:11:09]} {[%emt 00:01:48]} 15. Nxc5 {[%clk 01:18:09]} {[%emt
00:01:27]} Bxd3 {[%clk 01:10:23]} {[%emt 00:01:16]} 16. Bxc6 {[%clk 01:11:55]}
{[%emt 00:06:44]} Rc8 {[%clk 00:47:57]} {[%emt 00:22:56]} 17. Ne5 {[%clk
01:11:16]} {[%emt 00:01:10]} Bf5 {[%clk 00:39:30]} {[%emt 00:08:57]} 18. Nxb7
{[%clk 01:11:25]} {[%emt 00:00:21]} Qb6 {[%clk 00:38:39]} {[%emt 00:01:21]} 19.
Be3 {[%clk 01:08:37]} {[%emt 00:03:17]} Qxb2 {[%clk 00:37:59]} {[%emt
00:01:11]} 20. Qc1 {[%clk 01:08:45]} {[%emt 00:00:22]} Qxc1 {[%clk 00:37:31]}
{[%emt 00:00:58]} 21. Raxc1 {[%clk 01:09:03]} {[%emt 00:00:11]} Ne4 {[%clk
00:37:07]} {[%emt 00:00:55]} 22. Bxe4 {[%clk 01:08:29]} {[%emt 00:01:04]} Bxe4
{[%clk 00:36:59]} {[%emt 00:00:37]} 23. Nd7 {[%clk 01:08:36]} {[%emt 00:00:23]}
Bxb7 {[%clk 00:35:55]} {[%emt 00:01:34]} 24. Nxf8 {[%clk 01:09:00]} {[%emt
00:00:05]} Kxf8 {[%clk 00:36:19]} {[%emt 00:00:06]} 25. c4 {[%clk 01:08:56]}
{[%emt 00:00:35]} a6 {[%clk 00:35:49]} {[%emt 00:01:00]} 26. Red1 {[%clk
01:08:29]} {[%emt 00:00:56]} Ke8 {[%clk 00:35:07]} {[%emt 00:01:13]} 27. c5
{[%clk 01:08:04]} {[%emt 00:00:54]} Bc6 {[%clk 00:33:51]} {[%emt 00:01:46]} 28.
Bd4 {[%clk 01:07:04]} {[%emt 00:01:31]} Bxd4 {[%clk 00:12:59]} {[%emt
00:21:22]} 29. Rxd4 {[%clk 01:07:06]} {[%emt 00:00:28]} e6 {[%clk 00:12:59]}
{[%emt 00:00:29]} 30. Kf1 {[%clk 01:07:07]} {[%emt 00:00:28]} Bd5 {[%clk
00:12:58]} {[%emt 00:00:32]} 31. a3 {[%clk 01:06:58]} {[%emt 00:00:39]} Kd7
{[%clk 00:13:09]} {[%emt 00:00:19]} 32. Ke2 {[%clk 01:06:59]} {[%emt 00:00:30]}
Rb8 {[%clk 00:12:37]} {[%emt 00:01:02]} 33. Rb4 {[%clk 01:07:07]} {[%emt
00:00:21]} Rb5 {[%clk 00:12:15]} {[%emt 00:00:52]} 34. Rxb5 {[%clk 01:07:14]}
{[%emt 00:00:24]} axb5 {[%clk 00:12:27]} {[%emt 00:00:17]} 35. Kd3 {[%clk
01:07:39]} {[%emt 00:00:05]} Kc6 {[%clk 00:12:49]} {[%emt 00:00:08]} 36. Kd4
{[%clk 01:07:54]} {[%emt 00:00:15]} h5 {[%clk 00:12:54]} {[%emt 00:00:25]} 37.
Ke5 {[%clk 01:08:19]} {[%emt 00:00:05]} Bc4 {[%clk 00:12:20]} {[%emt 00:01:04]}
38. Kd4 {[%clk 01:07:48]} {[%emt 00:01:00]} e5+ {[%clk 00:12:27]} {[%emt
00:00:24]} 39. Kxe5 {[%clk 01:07:49]} {[%emt 00:00:29]} Kxc5 {[%clk 00:12:50]}
{[%emt 00:00:07]} 40. f4 {[%clk 01:07:55]} {[%emt 00:00:24]} Kb6 {[%clk
00:11:09]} {[%emt 00:02:12]} 41. a4 {[%clk 01:08:16]} {[%emt 00:00:09]} Be6
{[%clk 00:10:53]} {[%emt 00:00:45]} 42. axb5 {[%clk 01:08:29]} {[%emt
00:00:17]} Kxb5 {[%clk 00:11:17]} {[%emt 00:00:06]} 43. Kf6 {[%clk 01:08:54]}
{[%emt 00:00:05]} Kb6 {[%clk 00:11:28]} {[%emt 00:00:19]} 44. Re1 {[%clk
01:09:12]} {[%emt 00:00:11]} Kc5 {[%clk 00:11:07]} {[%emt 00:00:52]} 45. Rxe6
{[%clk 01:09:07]} {[%emt 00:00:35]} fxe6 {[%clk 00:11:24]} {[%emt 00:00:13]}
46. Kxe6 {[%clk 01:09:35]} {[%emt 00:00:02]} h4 {[%clk 00:11:41]} {[%emt
00:00:13]} 47. gxh4 {[%clk 01:10:00]} {[%emt 00:00:05]} Kd4 {[%clk 00:11:51]}
{[%emt 00:00:20]} 48. Kf6 {[%clk 01:10:14]} {[%emt 00:00:15]} Ke4 {[%clk
00:12:20]} {[%emt 00:00:01]} 49. Kxg6 {[%clk 01:10:35]} {[%emt 00:00:10]} Kxf4
{[%clk 00:12:45]} {[%emt 00:00:05]} 50. h5 {[%clk 01:10:59]} {[%emt 00:00:06]}
1-0

[Event "DEM U12 2025"]
[Site "Willingen GER"]
[Date "2025.06.08"]
[Round "1"]
[White "Serwane, Ruben"]
[Black "Betz, Niclas"]
[Result "1/2-1/2"]
[Termination "normal"]
[Board "27"]
[WhiteElo "1854"]
[BlackElo "1678"]
[WhiteClock "00:50:50"]
[BlackClock "00:33:26"]
[PlyCount "45"]
[WhiteFideId "34660232"]
[BlackFideId "34616748"]
[EventCountry "GER"]
[EventRounds "9"]
[EventType "swiss"]
[EventDate "2025.06.07"]

1. d4 {[%clk 01:30:54]} {[%emt 00:00:07]} d5 {[%clk 01:30:52]} {[%emt
00:00:08]} 2. Nf3 {[%clk 01:30:44]} {[%emt 00:00:39]} e6 {[%clk 01:31:10]}
{[%emt 00:00:12]} 3. Bf4 {[%clk 01:30:18]} {[%emt 00:00:57]} Nf6 {[%clk
01:30:39]} {[%emt 00:01:02]} 4. e3 {[%clk 01:29:49]} {[%emt 00:00:59]} Be7
{[%clk 01:29:12]} {[%emt 00:01:56]} 5. Nbd2 {[%clk 01:28:50]} {[%emt 00:01:28]}
O-O {[%clk 01:28:37]} {[%emt 00:01:06]} 6. Bd3 {[%clk 01:27:09]} {[%emt
00:02:11]} Nbd7 {[%clk 01:28:06]} {[%emt 00:01:00]} 7. h3 {[%clk 01:26:00]}
{[%emt 00:01:40]} c5 {[%clk 01:27:36]} {[%emt 00:01:00]} 8. dxc5 {[%clk
01:18:20]} {[%emt 00:08:09]} Nxc5 {[%clk 01:27:47]} {[%emt 00:00:19]} 9. Nb3
{[%clk 01:18:09]} {[%emt 00:00:42]} Nxd3+ {[%clk 01:25:43]} {[%emt 00:02:34]}
10. Qxd3 {[%clk 01:18:04]} {[%emt 00:00:34]} Bd7 {[%clk 01:23:39]} {[%emt
00:02:35]} 11. Ne5 {[%clk 01:15:54]} {[%emt 00:02:39]} Rc8 {[%clk 01:17:40]}
{[%emt 00:06:29]} 12. O-O {[%clk 01:14:04]} {[%emt 00:02:20]} a6 {[%clk
01:15:00]} {[%emt 00:03:11]} 13. Nxd7 {[%clk 01:13:20]} {[%emt 00:01:14]} Qxd7
{[%clk 01:15:21]} {[%emt 00:00:09]} 14. Rfd1 {[%clk 01:11:41]} {[%emt
00:02:09]} Bd6 {[%clk 01:11:42]} {[%emt 00:04:09]} 15. Bxd6 {[%clk 01:08:28]}
{[%emt 00:03:43]} Qxd6 {[%clk 01:12:01]} {[%emt 00:00:10]} 16. c3 {[%clk
01:07:29]} {[%emt 00:01:30]} Nd7 {[%clk 01:07:24]} {[%emt 00:05:06]} 17. e4
{[%clk 01:05:34]} {[%emt 00:02:27]} Nb6 {[%clk 01:00:29]} {[%emt 00:07:25]} 18.
exd5 {[%clk 01:04:04]} {[%emt 00:01:59]} exd5 {[%clk 00:58:06]} {[%emt
00:02:53]} 19. Nd2 {[%clk 01:01:53]} {[%emt 00:02:39]} Rfe8 {[%clk 00:55:03]}
{[%emt 00:03:34]} 20. Re1 {[%clk 00:59:30]} {[%emt 00:02:53]} Qc6 {[%clk
00:41:53]} {[%emt 00:13:40]} 21. Nf3 {[%clk 00:56:40]} {[%emt 00:03:19]} f6
{[%clk 00:36:47]} {[%emt 00:05:38]} 22. Nd4 {[%clk 00:54:29]} {[%emt 00:02:40]}
Qd7 {[%clk 00:33:26]} {[%emt 00:03:51]} 23. Qc2 {[%clk 00:50:50]} {[%emt
00:04:09]} 1/2-1/2

[Event "DEM U12 2025"]
[Site "Willingen GER"]
[Date "2025.06.08"]
[Round "1"]
[White "Nikonenko, Tymofii"]
[Black "Gao, Chenzhuo"]
[Result "0-1"]
[Termination "normal"]
[Board "28"]
[WhiteElo "1495"]
[BlackElo "1707"]
[WhiteClock "01:04:50"]
[BlackClock "00:55:07"]
[PlyCount "124"]
[WhiteFideId "34166246"]
[BlackFideId "34668608"]
[EventCountry "GER"]
[EventRounds "9"]
[EventType "swiss"]
[EventDate "2025.06.07"]

1. d4 {[%clk 01:30:56]} {[%emt 00:00:04]} Nf6 {[%clk 01:30:42]} {[%emt
00:00:18]} 2. c4 {[%clk 01:31:21]} {[%emt 00:00:05]} g6 {[%clk 01:30:50]}
{[%emt 00:00:23]} 3. Nc3 {[%clk 01:31:43]} {[%emt 00:00:07]} d5 {[%clk
01:30:32]} {[%emt 00:00:49]} 4. Bg5 {[%clk 01:31:54]} {[%emt 00:00:18]} Ne4
{[%clk 01:30:12]} {[%emt 00:00:50]} 5. Nxe4 {[%clk 01:32:03]} {[%emt 00:00:21]}
dxe4 {[%clk 01:30:39]} {[%emt 00:00:04]} 6. g3 {[%clk 01:31:36]} {[%emt
00:00:57]} Bg7 {[%clk 01:30:33]} {[%emt 00:00:35]} 7. e3 {[%clk 01:31:58]}
{[%emt 00:00:09]} f6 {[%clk 01:29:52]} {[%emt 00:01:11]} 8. Bf4 {[%clk
01:32:05]} {[%emt 00:00:22]} g5 {[%clk 01:27:46]} {[%emt 00:02:36]} 9. Qh5+
{[%clk 01:32:26]} {[%emt 00:00:09]} Kf8 {[%clk 01:27:57]} {[%emt 00:00:11]} 10.
Bxg5 {[%clk 01:32:25]} {[%emt 00:00:40]} fxg5 {[%clk 01:28:16]} {[%emt
00:00:11]} 11. Qxg5 {[%clk 01:32:43]} {[%emt 00:00:12]} Qd6 {[%clk 01:27:45]}
{[%emt 00:01:01]} 12. a3 {[%clk 01:32:21]} {[%emt 00:00:53]} Nd7 {[%clk
01:22:56]} {[%emt 00:05:18]} 13. Qb5 {[%clk 01:25:13]} {[%emt 00:07:38]} c6
{[%clk 01:21:47]} {[%emt 00:01:39]} 14. Qb3 {[%clk 01:24:27]} {[%emt 00:01:16]}
Nf6 {[%clk 01:19:41]} {[%emt 00:02:36]} 15. Ne2 {[%clk 01:22:28]} {[%emt
00:02:29]} Rb8 {[%clk 01:14:58]} {[%emt 00:05:13]} 16. Nf4 {[%clk 01:21:00]}
{[%emt 00:01:58]} e5 {[%clk 01:12:52]} {[%emt 00:02:36]} 17. c5 {[%clk
01:20:50]} {[%emt 00:00:41]} Qe7 {[%clk 01:12:30]} {[%emt 00:00:51]} 18. Ne2
{[%clk 01:17:17]} {[%emt 00:04:02]} Be6 {[%clk 01:11:34]} {[%emt 00:01:28]} 19.
Qc2 {[%clk 01:13:21]} {[%emt 00:04:25]} Bd5 {[%clk 01:09:40]} {[%emt 00:02:24]}
20. Bg2 {[%clk 01:11:52]} {[%emt 00:02:00]} h5 {[%clk 01:08:45]} {[%emt
00:01:24]} 21. Qc3 {[%clk 01:09:58]} {[%emt 00:02:24]} exd4 {[%clk 01:04:20]}
{[%emt 00:04:55]} 22. Nxd4 {[%clk 01:09:52]} {[%emt 00:00:36]} Qe5 {[%clk
01:01:47]} {[%emt 00:03:03]} 23. Bh3 {[%clk 01:07:54]} {[%emt 00:02:27]} Ng4
{[%clk 01:00:29]} {[%emt 00:01:49]} 24. Bxg4 {[%clk 01:07:57]} {[%emt
00:00:27]} hxg4 {[%clk 01:00:47]} {[%emt 00:00:12]} 25. Rc1 {[%clk 01:06:05]}
{[%emt 00:02:21]} Kf7 {[%clk 00:59:11]} {[%emt 00:02:07]} 26. Ne2 {[%clk
01:04:12]} {[%emt 00:02:23]} Qxc3+ {[%clk 00:57:02]} {[%emt 00:02:39]} 27. Nxc3
{[%clk 01:04:09]} {[%emt 00:00:33]} Rbd8 {[%clk 00:56:37]} {[%emt 00:00:55]}
28. b4 {[%clk 01:02:51]} {[%emt 00:01:48]} Ke6 {[%clk 00:55:52]} {[%emt
00:01:14]} 29. Nxd5 {[%clk 01:02:23]} {[%emt 00:00:58]} Rxd5 {[%clk 00:56:15]}
{[%emt 00:00:08]} 30. Rc2 {[%clk 01:02:46]} {[%emt 00:00:07]} Rd3 {[%clk
00:56:00]} {[%emt 00:00:45]} 31. Ra2 {[%clk 01:03:10]} {[%emt 00:00:06]} Kd5
{[%clk 00:55:43]} {[%emt 00:00:47]} 32. Ke2 {[%clk 01:02:55]} {[%emt 00:00:45]}
Bf6 {[%clk 00:54:59]} {[%emt 00:01:10]} 33. Ke1 {[%clk 00:59:10]} {[%emt
00:04:18]} Kc4 {[%clk 00:54:51]} {[%emt 00:00:39]} 34. Ke2 {[%clk 00:58:57]}
{[%emt 00:00:43]} Kb3 {[%clk 00:54:59]} {[%emt 00:00:23]} 35. Rd2 {[%clk
00:58:55]} {[%emt 00:00:32]} Rxd2+ {[%clk 00:55:08]} {[%emt 00:00:21]} 36. Kxd2
{[%clk 00:59:14]} {[%emt 00:00:11]} Kxa3 {[%clk 00:55:05]} {[%emt 00:00:33]}
37. Ke2 {[%clk 00:59:29]} {[%emt 00:00:15]} Rh7 {[%clk 00:55:07]} {[%emt
00:00:27]} 38. Rd1 {[%clk 00:59:37]} {[%emt 00:00:23]} Kxb4 {[%clk 00:54:48]}
{[%emt 00:00:49]} 39. Rd6 {[%clk 00:59:58]} {[%emt 00:00:09]} Bc3 {[%clk
00:51:16]} {[%emt 00:04:02]} 40. Re6 {[%clk 00:58:14]} {[%emt 00:02:14]} Kxc5
{[%clk 00:51:09]} {[%emt 00:00:37]} 41. Rxe4 {[%clk 00:58:37]} {[%emt
00:00:07]} Rd7 {[%clk 00:51:17]} {[%emt 00:00:21]} 42. Rxg4 {[%clk 00:58:57]}
{[%emt 00:00:10]} b5 {[%clk 00:51:28]} {[%emt 00:00:20]} 43. h4 {[%clk
00:59:05]} {[%emt 00:00:22]} b4 {[%clk 00:51:47]} {[%emt 00:00:11]} 44. h5
{[%clk 00:59:30]} {[%emt 00:00:05]} b3 {[%clk 00:52:03]} {[%emt 00:00:13]} 45.
Rh4 {[%clk 00:59:56]} {[%emt 00:00:05]} b2 {[%clk 00:52:25]} {[%emt 00:00:08]}
46. Rh1 {[%clk 01:00:22]} {[%emt 00:00:04]} Rd2+ {[%clk 00:52:21]} {[%emt
00:00:34]} 47. Kf3 {[%clk 01:00:33]} {[%emt 00:00:19]} Rc2 {[%clk 00:52:21]}
{[%emt 00:00:30]} 48. Rb1 {[%clk 01:00:33]} {[%emt 00:00:30]} Rc1 {[%clk
00:52:34]} {[%emt 00:00:17]} 49. Rxb2 {[%clk 01:00:58]} {[%emt 00:00:05]} Bxb2
{[%clk 00:53:01]} {[%emt 00:00:04]} 50. h6 {[%clk 01:01:18]} {[%emt 00:00:09]}
Rh1 {[%clk 00:53:22]} {[%emt 00:00:08]} 51. Kf4 {[%clk 01:01:43]} {[%emt
00:00:05]} a5 {[%clk 00:53:31]} {[%emt 00:00:22]} 52. g4 {[%clk 01:02:04]}
{[%emt 00:00:09]} a4 {[%clk 00:53:38]} {[%emt 00:00:24]} 53. g5 {[%clk
01:02:32]} {[%emt 00:00:02]} a3 {[%clk 00:53:58]} {[%emt 00:00:10]} 54. Kf5
{[%clk 01:02:57]} {[%emt 00:00:04]} a2 {[%clk 00:54:18]} {[%emt 00:00:10]} 55.
f4 {[%clk 01:03:04]} {[%emt 00:00:23]} a1=Q {[%clk 00:54:37]} {[%emt 00:00:12]}
56. e4 {[%clk 01:03:17]} {[%emt 00:00:16]} Qb1 {[%clk 00:54:39]} {[%emt
00:00:27]} 57. g6 {[%clk 01:03:38]} {[%emt 00:00:09]} Rxh6 {[%clk 00:55:01]}
{[%emt 00:00:09]} 58. g7 {[%clk 01:03:38]} {[%emt 00:00:30]} Bxg7 {[%clk
00:55:23]} {[%emt 00:00:08]} 59. Kg5 {[%clk 01:03:52]} {[%emt 00:00:16]} Qxe4
{[%clk 00:55:38]} {[%emt 00:00:15]} 60. Kg4 {[%clk 01:04:12]} {[%emt 00:00:10]}
Rg6+ {[%clk 00:54:58]} {[%emt 00:01:10]} 61. Kh5 {[%clk 01:04:22]} {[%emt
00:00:21]} Qf5 {[%clk 00:55:18]} {[%emt 00:00:07]} 62. Kh4 {[%clk 01:04:50]}
{[%emt 00:00:04]} Bf6+ {[%clk 00:55:07]} {[%emt 00:00:09]} 0-1

[Event "DEM U12 2025"]
[Site "Willingen GER"]
[Date "2025.06.08"]
[Round "1"]
[White "Krishnan, Vihaan"]
[Black "Prashanthakumar, Arnesh"]
[Result "1/2-1/2"]
[Termination "normal"]
[Board "29"]
[WhiteElo "1731"]
[BlackElo "1564"]
[WhiteClock "00:14:06"]
[BlackClock "00:23:49"]
[PlyCount "40"]
[WhiteFideId "34633910"]
[BlackFideId "34604073"]
[EventCountry "GER"]
[EventRounds "9"]
[EventType "swiss"]
[EventDate "2025.06.07"]

1. e4 {[%clk 01:30:55]} {[%emt 00:00:04]} c5 {[%clk 01:30:53]} {[%emt
00:00:08]} 2. Nf3 {[%clk 01:31:17]} {[%emt 00:00:06]} d6 {[%clk 01:31:17]}
{[%emt 00:00:07]} 3. d4 {[%clk 01:31:32]} {[%emt 00:00:15]} cxd4 {[%clk
01:31:37]} {[%emt 00:00:10]} 4. Qxd4 {[%clk 01:30:35]} {[%emt 00:01:27]} Nc6
{[%clk 01:28:53]} {[%emt 00:03:15]} 5. Qe3 {[%clk 01:30:44]} {[%emt 00:00:20]}
Nf6 {[%clk 01:25:21]} {[%emt 00:04:02]} 6. h3 {[%clk 01:30:00]} {[%emt
00:01:13]} g6 {[%clk 01:23:05]} {[%emt 00:02:48]} 7. Be2 {[%clk 01:29:18]}
{[%emt 00:01:11]} Bg7 {[%clk 01:19:45]} {[%emt 00:03:50]} 8. c4 {[%clk
01:24:15]} {[%emt 00:05:33]} Qc7 {[%clk 01:16:04]} {[%emt 00:04:12]} 9. Nc3
{[%clk 01:00:21]} {[%emt 00:24:24]} Nb4 {[%clk 01:06:57]} {[%emt 00:09:37]} 10.
Bd3 {[%clk 00:44:59]} {[%emt 00:15:52]} Nxd3+ {[%clk 00:54:50]} {[%emt
00:12:38]} 11. Qxd3 {[%clk 00:45:25]} {[%emt 00:00:04]} Be6 {[%clk 00:54:58]}
{[%emt 00:00:20]} 12. Nd2 {[%clk 00:38:56]} {[%emt 00:07:00]} Rc8 {[%clk
00:47:49]} {[%emt 00:07:40]} 13. b3 {[%clk 00:36:33]} {[%emt 00:02:51]} a6
{[%clk 00:44:11]} {[%emt 00:04:09]} 14. Bb2 {[%clk 00:35:20]} {[%emt 00:01:43]}
Qc5 {[%clk 00:28:07]} {[%emt 00:16:34]} 15. Nd5 {[%emt 00:17:51]} Nxd5 {[%clk
00:24:14]} {[%emt 00:00:01]} 16. Bxg7 {[%clk 00:22:12]} {[%emt 00:00:39]} Nb4
{[%clk 00:24:29]} {[%emt 00:00:15]} 17. Qc3 {[%clk 00:21:11]} {[%emt 00:01:31]}
Rg8 {[%clk 00:24:28]} {[%emt 00:00:32]} 18. a3 {[%clk 00:15:02]} {[%emt
00:06:39]} Nc2+ {[%clk 00:23:29]} {[%emt 00:01:29]} 19. Qxc2 {[%clk 00:15:25]}
{[%emt 00:00:06]} Rxg7 {[%clk 00:23:49]} {[%emt 00:00:10]} 20. Qc3 {[%clk
00:14:06]} {[%emt 00:01:48]} Rg8 {[%emt 00:03:55]} 1/2-1/2

[Event "DEM U12 2025"]
[Site "Willingen GER"]
[Date "2025.06.08"]
[Round "1"]
[White "Aliyev, Amil"]
[Black "Moskalenko, Michael"]
[Result "0-1"]
[Termination "normal"]
[Board "30"]
[WhiteElo "1664"]
[BlackElo "1720"]
[WhiteClock "00:00:51"]
[BlackClock "00:16:27"]
[PlyCount "40"]
[WhiteFideId "34687270"]
[BlackFideId "34608877"]
[EventCountry "GER"]
[EventRounds "9"]
[EventType "swiss"]
[EventDate "2025.06.07"]

1. d4 {[%emt 00:00:02]} Nf6 {[%clk 01:30:56]} {[%emt 00:00:04]} 2. c4 {[%clk
01:31:20]} {[%emt 00:00:10]} g6 {[%clk 01:31:20]} {[%emt 00:00:05]} 3. Nc3
{[%clk 01:31:15]} {[%emt 00:00:35]} d5 {[%clk 01:31:40]} {[%emt 00:00:10]} 4.
e3 {[%clk 01:26:13]} {[%emt 00:05:32]} Bg7 {[%clk 01:31:32]} {[%emt 00:00:38]}
5. Nf3 {[%clk 01:24:26]} {[%emt 00:02:18]} O-O {[%clk 01:30:21]} {[%emt
00:01:40]} 6. Be2 {[%clk 01:23:19]} {[%emt 00:01:36]} c5 {[%clk 01:28:34]}
{[%emt 00:02:18]} 7. dxc5 {[%clk 01:20:05]} {[%emt 00:03:45]} Qa5 {[%clk
01:20:21]} {[%emt 00:08:42]} 8. O-O {[%clk 01:20:13]} {[%emt 00:00:22]} Rd8
{[%clk 01:04:51]} {[%emt 00:15:59]} 9. Qb3 {[%clk 01:10:08]} {[%emt 00:10:36]}
Na6 {[%clk 00:35:35]} {[%emt 00:29:46]} 10. cxd5 {[%clk 00:47:27]} {[%emt
00:23:11]} Nxc5 {[%clk 00:34:02]} {[%emt 00:02:02]} 11. Qb5 {[%clk 00:39:12]}
{[%emt 00:08:46]} Qxb5 {[%clk 00:34:23]} {[%emt 00:00:09]} 12. Bxb5 {[%clk
00:38:09]} {[%emt 00:01:33]} Nxd5 {[%clk 00:30:21]} {[%emt 00:04:32]} 13. Rd1
{[%clk 00:24:09]} {[%emt 00:14:30]} Be6 {[%clk 00:30:06]} {[%emt 00:00:43]} 14.
Bd2 {[%clk 00:11:04]} {[%emt 00:13:36]} Nb4 {[%clk 00:28:12]} {[%emt 00:02:23]}
15. b3 {[%clk 00:03:32]} {[%emt 00:08:05]} Bf5 {[%clk 00:24:02]} {[%emt
00:04:39]} 16. Bc4 {[%clk 00:01:27]} {[%emt 00:02:35]} Rxd2 {[%clk 00:19:38]}
{[%emt 00:04:53]} 17. Nxd2 {[%clk 00:01:12]} {[%emt 00:00:46]} Bxc3 {[%clk
00:20:02]} {[%emt 00:00:06]} 18. a3 {[%clk 00:01:00]} {[%emt 00:00:42]} Bxa1
{[%clk 00:20:18]} {[%emt 00:00:14]} 19. axb4 {[%clk 00:01:19]} {[%emt
00:00:11]} Nxb3 {[%clk 00:16:10]} {[%emt 00:04:38]} 20. Nxb3 {[%clk 00:00:51]}
{[%emt 00:00:58]} Bc3 {[%clk 00:16:27]} {[%emt 00:00:13]} 0-1